| 000 | 00650nam a22002177a 4500 | ||
|---|---|---|---|
| 005 | 20170124110254.0 | ||
| 010 | _aB-021620 | ||
| 020 | _c400.00 | ||
| 035 | _aB-021620 | ||
| 037 | _bCen Lib/Ret | ||
| 040 |
_aDPL _bEN |
||
| 082 |
_a954.56 _bBAL |
||
| 100 |
_aBalwant Singh _94941 |
||
| 245 |
_aBeauty of the Himalayas / _cby Balwant Singh |
||
| 260 |
_bBalwant Singh _aSaharanpur _c1999 |
||
| 270 |
_bSaharanpur _e247001 _aA-2/5, purana avas vikas colony |
||
| 300 |
_a302p. _c21cm(Hb) |
||
| 650 |
_aBeauty of Himalayas _9108670 |
||
| 650 |
_aHimalayas -- Cultural Herritage _9108671 |
||
| 942 |
_2ddc _cEN _h954.96 _mBAL |
||
| 999 |
_c136111 _d136111 |
||